00997nam a2200241 a 4500008004100000020002300041110006700064245025500131260003900386300002600425504004100451500002000492650003600512650003700548650002300585650002500608700001700633700002000650710005800670003000100728005001700729040000900746  a044486900X (cased)2 aSpring School on Muon Spin Researchd(1983 :cAussois, France)10aMuons and pions in materials research :blectures delivered at the Spring School on Muon Spin Research, Aussois, France, May 1983 /csponsored by the Centre national de la recherche scientifique... [et al.] ; edited by J. Chappert and R.I. Grynszpan. aAmsterdam :bNorth Holland,c1984. axix, 373 p. ;c25 cm. aIncludes bibliographical references. aIncludes index. 0aMuon spin rotationvCongresses. 0aMaterialsxAnalysisvCongresses. 0aPionsvCongresses. 0aMuoniumvCongresses.1 aChappert, J.1 aGrynszpan, R.I.2 aCentre national de la recherche scientifique (France)20230123133220.0 cNUST